| 000 | 00392nam a2200133Ia 4500 | ||
|---|---|---|---|
| 008 | 230917s9999||||xx |||||||||||||| ||und|| | ||
| 040 |
_e93378 _aMAIN |
||
| 041 | _aEnglish | ||
| 082 | _a617 S69E | ||
| 100 | _aShiv Shanker | ||
| 245 | 0 | _aEffect of hibitane (chlorhexidine) bladder irrigation in prevention of urinary infection in post-prostatectomy patients | |
| 300 | _a149 p. | ||
| 942 | _cTH | ||
| 999 |
_c34826 _d34826 |
||